[Event "ICS rated blitz match"]
[Site "204.178.125.65"]
[Date "2001.09.06"]
[Round "?"]
[White "Hossa"]
[Black "herbas64"]
[Result "1-0"]
[WhiteElo "2558"]
[BlackElo "2250"]
[PlyCount "63"]
[EventDate "2001.??.??"]

1. e4 c5 2. Nf3 Nc6 3. Bb5 Qb6 4. Nc3 e6 5. O-O Nge7 6. d3 a6 7. Ba4 Nd4 8.
Nxd4 cxd4 9. Ne2 Nc6 10. Rb1 Be7 11. Bf4 O-O 12. c3 e5 13. Bxc6 exf4 14. Bd5
dxc3 15. bxc3 Qc7 16. Qd2 Bg5 17. Rfc1 Bh6 18. f3 Rb8 19. Nd4 d6 20. Rb4 b5 21.
c4 Qa7 22. cxb5 axb5 23. Rc6 g6 24. Rxd6 Bg7 25. Bb3 Qc5 26. Rd5 Qa7 27. Kh1
Ba6 28. Qxf4 Rfd8 29. Nc6 Qc7 30. Qxc7 Rbc8 31. Rxd8+ Rxd8 32. Bxf7+ {
herbas64 resigns} 1-0

[Event "ICS rated blitz match"]
[Site "204.178.125.65"]
[Date "2001.09.06"]
[Round "?"]
[White "herbas64"]
[Black "Hossa"]
[Result "0-1"]
[WhiteElo "2245"]
[BlackElo "2563"]
[PlyCount "102"]
[EventDate "2001.??.??"]

1. d4 Nf6 2. Bg5 Ne4 3. Bf4 c5 4. f3 Qa5+ 5. Nd2 Nxd2 6. Bxd2 Qc7 7. d5 e5 8.
dxe6 fxe6 9. e4 Be7 10. Bc3 O-O 11. b3 d6 12. Bd3 d5 13. exd5 exd5 14. Ne2 Bg5
15. O-O Be3+ 16. Kh1 c4 17. bxc4 dxc4 18. Be4 Rd8 19. Qe1 Qe7 20. Ng3 Bg5 21.
Rd1 Rxd1 22. Qxd1 Be6 23. Nf5 Bxf5 24. Bxf5 Qf7 25. Be4 Kh8 26. Bd5 Qc7 27. Re1
Nd7 28. Qd4 Bf6 29. Qd2 Rd8 30. Qe3 b5 31. Bb4 a5 32. Be7 Re8 33. Bxf6 Rxe3 34.
Bxg7+ Kxg7 35. Rxe3 Qc5 36. Re1 Qxd5 37. h3 Kf6 38. Kh2 Qd2 39. Re4 Qxc2 40.
Kg3 Qxa2 41. Rf4+ Ke7 42. Re4+ Kd6 43. Rd4+ Kc6 44. Rh4 c3 45. Rh6+ Kc7 46.
Rxh7 Qg8+ 47. Kh2 Qxh7 48. h4 Qxh4+ 49. Kg1 c2 50. g3 c1=Q+ 51. Kf2 Qh2# {
herbas64 checkmated} 0-1

[Event "ICS Rated blitz match"]
[Site "204.178.125.65"]
[Date "2001.09.06"]
[Round "?"]
[White "Earth"]
[Black "Hossa"]
[Result "0-1"]
[WhiteElo "2090"]
[BlackElo "2567"]
[PlyCount "39"]
[EventDate "2001.??.??"]

1. d4 Nf6 2. c4 e6 3. Nc3 Be7 4. e3 d5 5. Bd3 dxc4 6. Bxc4 O-O 7. Nge2 c5 8.
O-O cxd4 9. exd4 Bd7 10. Bg5 Nc6 11. Qd3 Nb4 12. Qf3 Rc8 13. Bb3 Bc6 14. Qh3
Ne4 15. Be3 Nxc3 16. bxc3 Bb5 17. Rfe1 Bxe2 18. Rxe2 Rxc3 19. a3 Rxb3 20. axb4
{Earth resigns} 0-1

[Event "ICS rated blitz match"]
[Site "204.178.125.65"]
[Date "2001.09.06"]
[Round "?"]
[White "Earth"]
[Black "Hossa"]
[Result "0-1"]
[WhiteElo "2081"]
[BlackElo "2573"]
[PlyCount "64"]
[EventDate "2001.??.??"]

1. d4 Nf6 2. c4 e6 3. Nc3 Bb4 4. e3 c5 5. Bd3 d5 6. Nge2 cxd4 7. exd4 dxc4 8.
Bxc4 Bd7 9. O-O O-O 10. Bg5 Qc7 11. Qd3 Ng4 12. Bf4 Bd6 13. Bxd6 Qxd6 14. Ng3
Rc8 15. Bb3 Nc6 16. Rad1 Qf4 17. Nce4 Nb4 18. Qe2 Rc7 19. a3 Nd5 20. Bc2 b6 21.
Qd3 Bb5 22. Qxb5 Rxc2 23. h3 Nxf2 24. Rxf2 Rxf2 25. Nxf2 Qxg3 26. Rd3 Qc7 27.
Qb3 Rc8 28. Rg3 Qc1+ 29. Kh2 Qf4 30. Qf3 Qxd4 31. Ne4 Rc1 32. Rg4 f5 {
Earth resigns} 0-1

[Event "ICS rated blitz match"]
[Site "204.178.125.65"]
[Date "2001.09.06"]
[Round "?"]
[White "Hossa"]
[Black "Goteborg"]
[Result "0-1"]
[WhiteElo "2575"]
[BlackElo "2638"]
[PlyCount "121"]
[EventDate "2001.??.??"]

1. d4 Nf6 2. Nf3 e6 3. g3 d5 4. Bg2 c5 5. O-O cxd4 6. Bg5 h6 7. Bxf6 Qxf6 8.
Qxd4 Be7 9. c3 O-O 10. Nbd2 Qxd4 11. cxd4 Bd7 12. Rac1 Nc6 13. Nb3 Rac8 14. a3
Bd6 15. Rc3 Ne7 16. Nc5 Bc6 17. Rfc1 b6 18. Nd3 Bb5 19. Nfe5 Rxc3 20. Rxc3 f6
21. Nf3 Rc8 22. Rxc8+ Nxc8 23. Nc1 Kf7 24. e3 e5 25. dxe5 fxe5 26. Na2 Ne7 27.
Nc3 Bc6 28. Nd2 a5 29. Bf1 Bc5 30. Nf3 Kf6 31. Nb5 Nf5 32. Na7 Bb7 33. Nb5 e4
34. Nfd4 Nxd4 35. exd4 Be7 36. Nc7 g6 37. Ne8+ Kf7 38. Bb5 h5 39. Kg2 Bf8 40.
Nc7 Ke7 41. Ba4 Bg7 42. Bb3 Bxd4 43. Bxd5 Bxd5 44. Nxd5+ Kd6 45. Ne3 a4 46. Nd1
Kd5 47. g4 h4 48. f4 Kc4 49. f5 gxf5 50. gxf5 h3+ 51. Kg3 Kd3 52. Nf2+ Bxf2+
53. Kxf2 Kd2 54. Kg3 e3 55. f6 e2 56. Kxh3 e1=Q 57. f7 Qf2 58. Kg4 Qxf7 59. h4
Ke3 60. Kg5 Ke4 61. Kh6 {Hossa resigns} 0-1

[Event "ICS rated standard match"]
[Site "204.178.125.65"]
[Date "2001.09.06"]
[Round "?"]
[White "Hossa"]
[Black "star2"]
[Result "0-1"]
[WhiteElo "2276"]
[BlackElo "2532"]
[PlyCount "87"]
[EventDate "2001.??.??"]

1. d4 c5 2. d5 Nf6 3. Nc3 g6 4. e4 d6 5. Nf3 Bg7 6. Bd3 O-O 7. O-O e6 8. Bg5 h6
9. Bf4 exd5 10. exd5 Na6 11. Bxa6 bxa6 12. Qd2 g5 13. Be3 Nd7 14. Qd3 Nb6 15.
Nd2 Bb7 16. Nc4 Bxc3 17. Nxb6 Bxb2 18. Nxa8 Bxa1 19. Rxa1 Re8 20. Bd2 Bxa8 21.
Bc3 g4 22. Rd1 Qg5 23. Qxa6 Qf5 24. Qb5 Qe4 25. Ba5 c4 26. Bb4 a6 27. Qa5 Qxc2
28. Rf1 Qd3 29. a3 Bxd5 30. Qxa6 Qe4 31. f3 Qd4+ 32. Kh1 gxf3 33. gxf3 Qg4 34.
Qxd6 Bxf3+ 35. Rxf3 Qxf3+ 36. Kg1 Kh7 37. Qg3 Qd1+ 38. Kg2 Re2+ 39. Qf2 Rxf2+
40. Kxf2 Qd4+ 41. Kg2 c3 42. Bxc3 Qxc3 43. a4 Qc2+ 44. Kf3 {Hossa resigns} 0-1

[Event "ICS rated blitz match"]
[Site "204.178.125.65"]
[Date "2001.09.06"]
[Round "?"]
[White "star2"]
[Black "Hossa"]
[Result "1-0"]
[WhiteElo "2720"]
[BlackElo "2562"]
[PlyCount "92"]
[EventDate "2001.??.??"]

1. e4 e5 2. Bc4 Nc6 3. Nf3 Nf6 4. Ng5 d5 5. exd5 Nxd5 6. Nxf7 Kxf7 7. Qf3+ Ke6
8. Nc3 Nce7 9. d4 c6 10. Bg5 exd4 11. O-O-O h6 12. Rhe1+ Kd7 13. Nxd5 hxg5 14.
Nxe7 Kc7 15. Ng6 Bb4 16. c3 Bd6 17. Rxd4 Rxh2 18. Red1 Qf6 19. Qxf6 gxf6 20.
Rxd6 f5 21. Bf1 Rh6 22. c4 Rh1 23. c5 a5 24. Rf6 Rh7 25. Bd3 a4 26. Re1 Ra5 27.
Re5 Rd7 28. Bc2 Rd5 29. Re8 Bd7 30. Rf7 Raxc5 31. Nf8 Rd6 32. Re6 Rxc2+ 33.
Kxc2 Rxe6 34. Nxe6+ Kd6 35. Nxg5 b5 36. a3 Bc8 37. Rf6+ Kd5 38. Kc3 Kc5 39.
Ne6+ Kd5 40. Nf4+ Ke5 41. Rxc6 Bd7 42. Ng6+ Kd5 43. Ra6 Be8 44. Nf4+ Ke4 45.
Re6+ Kxf4 46. Rxe8 Kg5 {Hossa resigns} 1-0

[Event "ICS rated blitz match"]
[Site "204.178.125.65"]
[Date "2001.09.06"]
[Round "?"]
[White "Hossa"]
[Black "star2"]
[Result "1-0"]
[WhiteElo "2553"]
[BlackElo "2729"]
[PlyCount "96"]
[EventDate "2001.??.??"]

1. e4 d5 2. exd5 Qxd5 3. Nf3 Nf6 4. Nc3 Qa5 5. Bc4 Bg4 6. O-O e6 7. h3 Bh5 8.
d4 c6 9. Kh1 Nbd7 10. Be2 Qc7 11. Re1 O-O-O 12. Ng5 Bg6 13. Be3 Kb8 14. Bd3 Nb6
15. a4 Nbd5 16. Nxd5 Nxd5 17. Qd2 Bb4 18. c3 Bd6 19. b4 Nxe3 20. fxe3 Qe7 21.
Nf3 e5 22. Bxg6 hxg6 23. e4 Rh5 24. b5 exd4 25. cxd4 c5 26. b6 axb6 27. a5 b5
28. e5 Bc7 29. a6 bxa6 30. Rxa6 Qd7 31. Rea1 Qd5 32. Qd3 c4 33. Ra8+ Kb7 34.
Qa3 Bb8 35. Qe7+ Rd7 36. Qe8 Rxh3+ 37. Kg1 Rd8 38. R1a7+ Bxa7 39. Rxd8 Qxd8 40.
Qxd8 Rxf3 41. Qd7+ Ka6 42. gxf3 g5 43. Kf1 c3 44. Qc8+ Ka5 45. Qxc3+ Ka6 46. d5
Bb6 47. e6 fxe6 48. Qc8+ Ka5 {star2 resigns} 1-0

[Event "ICS rated blitz match"]
[Site "204.178.125.65"]
[Date "2001.09.06"]
[Round "?"]
[White "star2"]
[Black "Hossa"]
[Result "1/2-1/2"]
[WhiteElo "2706"]
[BlackElo "2576"]
[PlyCount "118"]
[EventDate "2001.??.??"]

1. e4 e5 2. Nf3 Nc6 3. d4 exd4 4. Bc4 Nf6 5. O-O Nxe4 6. Re1 d5 7. Bxd5 Qxd5 8.
Nc3 Qa5 9. Nxe4 Be6 10. Bd2 Qf5 11. Bg5 h6 12. Bh4 Bc5 13. b4 Bxb4 14. Nxd4
Nxd4 15. Qxd4 Bxe1 16. Qxg7 Bxf2+ 17. Nxf2 Rf8 18. Qd4 Qxc2 19. Ne4 Rg8 20.
Nf6+ Kf8 21. Nh7+ Qxh7 22. Qc5+ Kg7 23. Qe5+ Kg6 24. Rf1 Rh8 25. Rf6+ Kg7 26.
Rxh6+ Kg8 27. Rxh7 Rxh7 28. Bf6 Rh6 29. Qg5+ Rg6 30. Qh4 Kf8 31. Qb4+ Kg8 32.
Qxb7 Re8 33. Qc6 Rb8 34. Qc3 Bd5 35. g3 Rb1+ 36. Kf2 Rh1 37. h4 Rh2+ 38. Ke1
Rxa2 39. Qxc7 Rxf6 40. Qd8+ Kg7 41. Qxd5 Re6+ 42. Kf1 Rc2 43. Qd4+ Rf6+ 44. Kg1
a5 45. Qe5 a4 46. g4 Rc1+ 47. Kh2 Rc2+ 48. Kg3 Rcf2 49. g5 R2f3+ 50. Kg4 R3f4+
51. Kh5 R4f5 52. Qa1 Kh7 53. Qxa4 Rf4 54. Qc2+ R6f5 55. Qd3 Kg7 56. Qc3+ Kh7
57. Qc7 Rd4 58. Qe7 Kg7 59. Qe5+ Rxe5 {star2 stalemated} 1/2-1/2

[Event "ICS rated blitz match"]
[Site "204.178.125.65"]
[Date "2001.09.06"]
[Round "?"]
[White "Hossa"]
[Black "ChesterX"]
[Result "0-1"]
[WhiteElo "2582"]
[BlackElo "2763"]
[PlyCount "140"]
[EventDate "2001.??.??"]

1. e4 e6 2. d4 d5 3. Nc3 Bb4 4. e5 Ne7 5. Qg4 c5 6. Qxg7 Rg8 7. Qxh7 cxd4 8. a3
Qa5 9. axb4 Qxa1 10. Nce2 b6 11. Nf3 Ba6 12. Nfxd4 Bxe2 13. Nb3 Qa4 14. Bxe2
Rxg2 15. Bh5 Qxb4+ 16. Kf1 Rg6 17. Bxg6 Nxg6 18. Qg8+ Nf8 19. Nd2 Nbd7 20. Qg5
Ng6 21. h4 Rc8 22. c3 Qb5+ 23. Kg2 Ngxe5 24. h5 Qe2 25. h6 Nd3 26. h7 Qxf2+ 27.
Kh3 Nf4+ 28. Qxf4 Qxf4 29. h8=Q+ Nf8 30. Rg1 Qf5+ 31. Kh2 a5 32. Rg8 Qf2+ 33.
Kh1 Ke7 34. Qh2 Qe1+ 35. Rg1 Qe3 36. Qh4+ Kd7 37. Rg7 Ng6 38. Rxf7+ Kc6 39. Qf2
Qh3+ 40. Qh2 Qd3 41. Rh7 Qc2 42. Qg1 Ne5 43. Rh6 Kb7 44. Rh2 Rc7 45. Rh3 Nd3
46. Nf3 Nxc1 47. Nd4 Qb1 48. Qe1 e5 49. Nb5 Rc6 50. Rh2 Rf6 51. Kg1 Qd3 52.
Qxc1 Qxb5 53. Rg2 Rf7 54. Rg3 Ka7 55. Qb1 e4 56. Qc1 Rf8 57. Re3 Qc5 58. Kg2 d4
59. Rg3 Qf5 60. Qe1 e3 61. Rg7+ Ka8 62. cxd4 Qf3+ 63. Kg1 e2 64. Qh4 Qf1+ 65.
Kh2 e1=Q 66. Qxe1 Rh8+ 67. Kg3 Rh3+ 68. Kg4 Qf3+ 69. Kg5 Rh5+ 70. Kg6 Qf5# {
Hossa checkmated} 0-1

[Event "ICS Rated blitz match"]
[Site "204.178.125.65"]
[Date "2001.09.06"]
[Round "?"]
[White "Hossa"]
[Black "RAFFAELE"]
[Result "1-0"]
[WhiteElo "2574"]
[BlackElo "2275"]
[PlyCount "85"]
[EventDate "2001.??.??"]

1. e4 g6 2. d4 Bg7 3. Nc3 d6 4. f4 c6 5. Nf3 Bg4 6. Be2 Qb6 7. e5 d5 8. O-O
Bxf3 9. Rxf3 e6 10. b3 Bf8 11. Na4 Qc7 12. c4 Ne7 13. Nc3 Nd7 14. cxd5 Nxd5 15.
Nxd5 cxd5 16. Bb2 Qb6 17. Rc1 Be7 18. Rfc3 O-O 19. Rc7 Rfd8 20. Qd3 a6 21. a3
Bf8 22. R7c2 Nb8 23. Qe3 Nc6 24. h4 Ne7 25. g4 Rac8 26. Bd1 Rxc2 27. Bxc2 Rc8
28. h5 Rc6 29. Qh3 Qc7 30. Qd3 Bg7 31. Qd2 f6 32. h6 Bh8 33. Kg2 f5 34. g5 Kf7
35. Bd1 Ke8 36. Bc3 Kd7 37. Kg1 Nc8 38. Ba5 b6 39. Bc3 Na7 40. Be2 Qb7 41. Bd3
Nb5 42. Bxb5 axb5 43. Qd3 {RAFFAELE resigns} 1-0

[Event "ICS rated blitz match"]
[Site "204.178.125.65"]
[Date "2001.09.06"]
[Round "?"]
[White "RAFFAELE"]
[Black "Hossa"]
[Result "0-1"]
[WhiteElo "2270"]
[BlackElo "2579"]
[PlyCount "72"]
[EventDate "2001.??.??"]

1. Nf3 e6 2. c4 d5 3. d4 Nd7 4. Nc3 Ngf6 5. g3 dxc4 6. Qa4 Be7 7. Bg2 O-O 8.
Qxc4 Nb6 9. Qb3 c5 10. dxc5 Bxc5 11. Bg5 Bd7 12. Ne5 Bd4 13. Nxd7 Nbxd7 14. O-O
Nc5 15. Qc4 Bxc3 16. Qxc3 Nce4 17. Qe3 Nxg5 18. Qxg5 Rc8 19. Rac1 Qd7 20. b3
Rfd8 21. Bf3 b6 22. Rxc8 Rxc8 23. Rc1 Rxc1+ 24. Qxc1 e5 25. Qc6 Qxc6 26. Bxc6
Kf8 27. f3 Ke7 28. Kf2 Kd6 29. Bb7 Kc5 30. a3 Ne8 31. Ke3 Nd6 32. Be4 Nb5 33.
b4+ Kd6 34. Bxh7 g6 35. h4 Nxa3 36. Kd3 Ke6 {RAFFAELE resigns} 0-1

[Event "ICS rated blitz match"]
[Site "204.178.125.65"]
[Date "2001.09.06"]
[Round "?"]
[White "Hossa"]
[Black "RAFFAELE"]
[Result "1/2-1/2"]
[WhiteElo "2584"]
[BlackElo "2265"]
[PlyCount "81"]
[EventDate "2001.??.??"]

1. e4 g6 2. d4 Bg7 3. Nf3 d6 4. Bc4 Nf6 5. Nc3 O-O 6. O-O Nxe4 7. Nxe4 d5 8.
Bd3 dxe4 9. Bxe4 Nd7 10. Be3 Nf6 11. Bd3 Nd5 12. c3 c6 13. Bg5 h6 14. Bd2 Bg4
15. h3 Bxf3 16. Qxf3 e6 17. g3 Rc8 18. Qe4 Re8 19. Rfe1 e5 20. dxe5 Rxe5 21.
Qf3 Rxe1+ 22. Rxe1 Qd7 23. Bf1 Re8 24. Rxe8+ Qxe8 25. Bd3 Qe6 26. h4 h5 27. a3
b5 28. Qe4 Qxe4 29. Bxe4 f5 30. Bc2 Kf7 31. Kg2 Ke6 32. Kf3 a6 33. a4 Be5 34.
axb5 axb5 35. Bd3 Kf6 36. Bh6 Ke6 37. Bf8 Bd6 38. Bg7 Be5 39. Bf8 Bd6 40. Bg7
Be5 41. Bf8 {Game drawn by repetition} 1/2-1/2

[Event "ICS rated blitz match"]
[Site "204.178.125.65"]
[Date "2001.09.06"]
[Round "?"]
[White "RAFFAELE"]
[Black "Hossa"]
[Result "0-1"]
[WhiteElo "2277"]
[BlackElo "2572"]
[PlyCount "141"]
[EventDate "2001.??.??"]

1. b3 d5 2. Bb2 Bg4 3. h3 Bh5 4. Nf3 e6 5. e3 Nf6 6. Be2 Nbd7 7. O-O Bd6 8. c4
O-O 9. Nc3 c6 10. Rc1 Nc5 11. d4 Nce4 12. Nxe4 Nxe4 13. Nd2 Bxe2 14. Qxe2 Nxd2
15. Qxd2 Qh4 16. Bc3 Ba3 17. Rcd1 Rac8 18. Bb4 Bxb4 19. Qxb4 b6 20. Qa3 a5 21.
c5 Qe7 22. Rc1 Ra8 23. Rc3 b5 24. Qc1 Qh4 25. Qd1 a4 26. b4 e5 27. Qg4 Qxg4 28.
hxg4 exd4 29. exd4 Rfe8 30. Re3 Rxe3 31. fxe3 Re8 32. Kf2 h6 33. Rh1 Kf8 34.
Rh5 f6 35. a3 Ke7 36. Kf3 Kf7 37. Kf4 Re6 38. Kf3 Re4 39. Rh3 Re7 40. Rh5 Kg6
41. Kf4 Re8 42. Rh3 Re4+ 43. Kf3 Kh7 44. Rh5 Re8 45. Rh1 Kg6 46. Rh5 Re6 47.
Rh1 Re7 48. Rh5 Kh7 49. Kf4 g6 50. Rh1 Re4+ 51. Kf3 Kg7 52. Rh3 Re8 53. Rh1 Re7
54. Rh3 Re6 55. Rh1 Re8 56. Rh3 Kh7 57. Rh1 Rf8 58. Kf4 Rd8 59. Re1 Kh8 60. Rh1
Kg7 61. Re1 Rf8 62. e4 dxe4 63. Rxe4 Rd8 64. Ke3 Kf7 65. Kd3 h5 66. gxh5 gxh5
67. Rh4 Rd5 68. g4 hxg4 69. Rxg4 Rg5 70. Rxg5 fxg5 71. Ke4 {RAFFAELE resigns}
0-1

[Event "ICS rated blitz match"]
[Site "204.178.125.65"]
[Date "2001.09.06"]
[Round "?"]
[White "Hossa"]
[Black "RAFFAELE"]
[Result "1-0"]
[WhiteElo "2577"]
[BlackElo "2272"]
[PlyCount "65"]
[EventDate "2001.??.??"]

1. e4 g6 2. d4 Bg7 3. Nf3 d6 4. Bc4 Nf6 5. Nc3 O-O 6. O-O Nxe4 7. Nxe4 d5 8.
Bd3 dxe4 9. Bxe4 Nd7 10. Be3 Nf6 11. Bd3 Bf5 12. Bxf5 gxf5 13. c3 c6 14. Bf4 e6
15. Re1 Nd5 16. Qd2 Rc8 17. Bg5 f6 18. Bh6 Re8 19. c4 Nb6 20. Bxg7 Kxg7 21.
Rac1 Qc7 22. Nh4 Kh8 23. Re3 Qf7 24. b3 Rcd8 25. Rce1 f4 26. Re4 e5 27. Qe2 Nd7
28. dxe5 fxe5 29. Nf3 Qf6 30. g3 Rf8 31. Nxe5 Nxe5 32. Rxf4 Qg7 33. Rxf8+ {
RAFFAELE resigns} 1-0

[Event "ICS rated blitz match"]
[Site "204.178.125.65"]
[Date "2001.09.06"]
[Round "?"]
[White "Hossa"]
[Black "winner3"]
[Result "1/2-1/2"]
[WhiteElo "2582"]
[BlackElo "2618"]
[PlyCount "109"]
[EventDate "2001.??.??"]

1. e4 c6 2. d4 d5 3. exd5 cxd5 4. c4 Nf6 5. Nc3 Nc6 6. Bg5 Qb6 7. Bxf6 exf6 8.
Qd2 Qxd4 9. cxd5 Qxd2+ 10. Kxd2 Nd4 11. Re1+ Kd8 12. Bd3 Bc5 13. Nge2 Bd7 14.
b4 Bb6 15. Rhf1 Rc8 16. d6 Nf5 17. Bxf5 Bxf5 18. Ng3 Be6 19. a4 Rc6 20. Nge4 f5
21. b5 Rc4 22. Ng5 Rd4+ 23. Kc2 Bc4 24. Re7 Rxd6 25. Rxb7 Kc8 26. Nxf7 Rdd8 27.
Nxd8 Bxd8 28. Rxa7 Kb8 29. Rxg7 Bf6 30. Rg5 Bxg5 31. Rd1 Rc8 32. Rd6 Bf4 33.
Rb6+ Ka8 34. Rc6 Rxc6 35. bxc6 Bxh2 36. g3 f4 37. g4 Bg1 38. Nb5 Be2 39. Kd2
Bxg4 40. Ke1 Bf3 41. Nd4 Bd5 42. Ke2 h5 43. Nf3 Bxf2 44. Kxf2 Bxc6 45. Ne5 Be4
46. Nf7 Ka7 47. Ng5 Bc6 48. Ne6 f3 49. Nd4 Bxa4 50. Kxf3 Bd1+ 51. Kf4 h4 52.
Nf3 Bxf3 53. Kxf3 h3 54. Kg3 h2 55. Kg2 {
winner3 ran out of time and Hossa has no material to mate} 1/2-1/2

[Event "ICS rated blitz match"]
[Site "204.178.125.65"]
[Date "2001.09.06"]
[Round "?"]
[White "NewHal9000"]
[Black "Hossa"]
[Result "1-0"]
[WhiteElo "2819"]
[BlackElo "2584"]
[PlyCount "102"]
[EventDate "2001.??.??"]

1. c4 c5 2. Nf3 Nf6 3. Nc3 Nc6 4. g3 e5 5. Bg2 Be7 6. O-O d6 7. a3 O-O 8. Rb1
Rb8 9. d3 Nd4 10. Bg5 Nxf3+ 11. Bxf3 Bh3 12. Re1 Nd5 13. Bxe7 Nxe7 14. Qa4 a6
15. b4 cxb4 16. axb4 Qc7 17. e3 Bf5 18. Red1 Be6 19. b5 Bd7 20. Qa3 Ra8 21. Ne4
Nf5 22. b6 Qb8 23. d4 exd4 24. exd4 Bc6 25. Bg2 Rd8 26. Qd3 Bd7 27. g4 Ne7 28.
Ng5 Ng6 29. Qf3 Rf8 30. Qxb7 Qxb7 31. Bxb7 Rab8 32. Bxa6 Bxg4 33. f3 Bf5 34.
Rb2 f6 35. Ne4 Bxe4 36. fxe4 Rfd8 37. Rc1 Re8 38. c5 dxc5 39. dxc5 Ne5 40. c6
Nxc6 41. Rxc6 Rxe4 42. Rc8+ Re8 43. Rxe8+ Rxe8 44. b7 Rb8 45. Rc2 Kf7 46. Rc8
Rxb7 47. Bxb7 f5 48. Bd5+ Kf6 49. Rf8+ Ke5 50. Bg8 h6 51. Bh7 f4 {Hossa resigns
} 1-0

[Event "ICS rated blitz match"]
[Site "204.178.125.65"]
[Date "2001.09.07"]
[Round "?"]
[White "WITTYROGER"]
[Black "Hossa"]
[Result "0-1"]
[WhiteElo "2377"]
[BlackElo "2577"]
[PlyCount "90"]
[EventDate "2001.??.??"]

1. e4 e5 2. Nf3 Nc6 3. d4 exd4 4. c3 dxc3 5. Nxc3 Bc5 6. Bc4 Nge7 7. Ng5 Ne5 8.
Bb3 f6 9. Nf3 Nf7 10. Bxf7+ Kxf7 11. e5 d5 12. exf6 gxf6 13. O-O Ke8 14. Re1 c6
15. Qe2 Rg8 16. Kh1 Bg4 17. Bf4 Qd7 18. Bg3 Qf5 19. Nh4 Bxe2 20. Nxf5 Nxf5 21.
Rxe2+ Kf7 22. Bf4 Rae8 23. Rae1 Bxf2 24. Rxe8 Rxe8 25. Rf1 d4 26. Na4 b6 27. g4
Nh4 28. g5 f5 29. b3 Re1 30. Rxe1 Bxe1 31. Nb2 Bc3 32. Nd3 Nf3 33. Kg2 Ne1+ 34.
Nxe1 Bxe1 35. Kf3 Ke6 36. Ke2 Bb4 37. Kd3 Kd5 38. h4 c5 39. h5 b5 40. Bb8 c4+
41. Kc2 d3+ 42. Kd1 c3 43. Bf4 c2+ 44. Kc1 Ke4 45. Bd2 Ba3# {
WITTYROGER checkmated} 0-1

[Event "ICS rated blitz match"]
[Site "204.178.125.65"]
[Date "2001.09.07"]
[Round "?"]
[White "Hossa"]
[Black "WITTYROGER"]
[Result "1-0"]
[WhiteElo "2585"]
[BlackElo "2369"]
[PlyCount "121"]
[EventDate "2001.??.??"]

1. e4 e5 2. Nf3 d6 3. d4 Nd7 4. Bc4 c6 5. dxe5 dxe5 6. O-O Be7 7. Ng5 Bxg5 8.
Qh5 Qe7 9. Qxg5 Qxg5 10. Bxg5 Ngf6 11. f3 Nf8 12. Rd1 Be6 13. Nd2 N8d7 14. Bxe6
fxe6 15. Nc4 O-O 16. Bxf6 Nxf6 17. Rd6 Rfe8 18. Rad1 Re7 19. Nxe5 g6 20. Kf2
Kg7 21. Ke3 Rae8 22. f4 Rf8 23. g3 h6 24. h4 Nh5 25. Rd7 Rfe8 26. Rxe7+ Rxe7
27. g4 Nf6 28. Kf3 Rc7 29. a4 Nh7 30. c3 g5 31. fxg5 hxg5 32. h5 Nf6 33. Rd8
Ng8 34. b3 b5 35. Rd6 bxa4 36. bxa4 c5 37. Rd7+ Rxd7 38. Nxd7 c4 39. Ne5 Ne7
40. Nxc4 Nc6 41. e5 Kh6 42. Ke4 Kg7 43. Nd2 Kh6 44. Nf3 Ne7 45. c4 Nc6 46. Nd4
Nd8 47. c5 Kg7 48. c6 Nxc6 49. Nxc6 Kf7 50. Nxa7 Kg7 51. a5 Kf7 52. a6 Kg7 53.
Nc6 Kf7 54. Nd8+ Ke7 55. a7 Kxd8 56. a8=Q+ Kc7 57. Qa7+ Kc6 58. Kd4 Kb5 59.
Qb7+ Ka5 60. Kc4 Ka4 61. Qa6# {WITTYROGER checkmated} 1-0

[Event "ICS rated blitz match"]
[Site "204.178.125.65"]
[Date "2001.09.07"]
[Round "?"]
[White "Mefisto5000"]
[Black "Hossa"]
[Result "0-1"]
[WhiteElo "2008"]
[BlackElo "2592"]
[PlyCount "86"]
[EventDate "2001.??.??"]

1. d4 c5 2. d5 Nf6 3. c4 d6 4. Nc3 e6 5. e4 Be7 6. Bd3 exd5 7. exd5 O-O 8. Nf3
Na6 9. a3 Bd7 10. O-O Nc7 11. h3 Kh8 12. Qc2 Rb8 13. Bg5 Nfxd5 14. cxd5 Bxg5
15. Bxh7 Bf6 16. Be4 Bxc3 17. bxc3 f5 18. Bd3 Nxd5 19. Rfd1 Qf6 20. c4 Nf4 21.
Bf1 Bc6 22. Ne1 Ne6 23. Rab1 Nd4 24. Qd2 Ba4 25. Rdc1 b5 26. cxb5 Bxb5 27. Bxb5
Rxb5 28. Rxb5 Nxb5 29. a4 Nd4 30. Qd3 Re8 31. Rb1 Qg6 32. Nf3 Ne2+ 33. Kh2
Qxg2+ 34. Kxg2 Nf4+ 35. Kg3 Nxd3 36. Rb7 f4+ 37. Kg2 Re2 38. Ng5 Rxf2+ 39. Kg1
g6 40. Rxa7 f3 41. Rf7 Rg2+ 42. Kf1 Rxg5 43. Rxf3 c4 {Mefisto5000 resigns} 0-1

[Event "ICS rated blitz match"]
[Site "204.178.125.65"]
[Date "2001.09.07"]
[Round "?"]
[White "Hossa"]
[Black "Mefisto5000"]
[Result "1-0"]
[WhiteElo "2593"]
[BlackElo "2007"]
[PlyCount "121"]
[EventDate "2001.??.??"]

1. e4 e5 2. Nf3 Nc6 3. Bb5 a6 4. Ba4 Nf6 5. O-O Be7 6. Nc3 b5 7. Bb3 d6 8. Nd5
Nxd5 9. Bxd5 Bb7 10. d4 Rb8 11. dxe5 Nxe5 12. Bxb7 Rxb7 13. Nxe5 dxe5 14. Qh5
Bf6 15. Rd1 Qe7 16. Qg4 Qe6 17. Qxe6+ fxe6 18. Be3 Rb8 19. Rd3 Rd8 20. Rc3 Kd7
21. Ra3 Ra8 22. Rd1+ Kc8 23. Rb3 Rd8 24. Rxd8+ Kxd8 25. Rd3+ Ke8 26. Kf1 Rd8
27. Ra3 Ra8 28. Bc5 Be7 29. Rc3 Bxc5 30. Rxc5 Kd7 31. Rxe5 Kd6 32. Rh5 h6 33.
Rh3 Ke5 34. Rc3 Kxe4 35. Rxc7 Rd8 36. Rxg7 Rd1+ 37. Ke2 Rc1 38. f3+ Ke5 39. Kd3
Rd1+ 40. Kc3 Rd4 41. Ra7 b4+ 42. Kb3 Rd2 43. g3 Rxh2 44. Rxa6 Rg2 45. Ra5+ Kf6
46. Rh5 Rxg3 47. Rxh6+ Ke5 48. Kxb4 Rxf3 49. Rh1 Rf2 50. Kc3 Kf4 51. Rh7 Ke3
52. a4 e5 53. b4 e4 54. Re7 Rf8 55. a5 Kf3 56. a6 e3 57. b5 e2 58. a7 Kf2 59.
b6 e1=Q+ 60. Rxe1 Kxe1 61. b7 {Mefisto5000 resigns} 1-0

[Event "ICS rated blitz match"]
[Site "204.178.125.65"]
[Date "2001.09.07"]
[Round "?"]
[White "Mefisto5000"]
[Black "Hossa"]
[Result "0-1"]
[WhiteElo "2006"]
[BlackElo "2594"]
[PlyCount "73"]
[EventDate "2001.??.??"]

1. d4 c5 2. d5 Nf6 3. c4 e6 4. Nc3 d6 5. e4 exd5 6. exd5 Be7 7. Bd3 Bg4 8. f3
Bd7 9. Nge2 Na6 10. a3 Nc7 11. O-O O-O 12. Ng3 Rb8 13. Qc2 b5 14. b3 Re8 15.
Bd2 bxc4 16. bxc4 Na6 17. Rfe1 Nc7 18. Re2 Bf8 19. Rxe8 Ncxe8 20. Nf5 Bxf5 21.
Bxf5 g6 22. Bd3 Nd7 23. f4 Bg7 24. Rf1 Bd4+ 25. Kh1 f5 26. Ne2 Nef6 27. Nxd4
cxd4 28. Rb1 Rxb1+ 29. Qxb1 Nc5 30. Bb4 Nxd3 31. Qxd3 Qb6 32. h3 Ne4 33. Kg1
Kf7 34. g4 Kf6 35. Kg2 a5 36. Bxa5 Qb2+ 37. Kh1 {Mefisto5000 resigns} 0-1

[Event "ICS rated blitz match"]
[Site "204.178.125.65"]
[Date "2001.09.07"]
[Round "?"]
[White "Hossa"]
[Black "Mefisto5000"]
[Result "1-0"]
[WhiteElo "2595"]
[BlackElo "2005"]
[PlyCount "41"]
[EventDate "2001.??.??"]

1. e4 e6 2. d4 d5 3. exd5 exd5 4. Bd3 Bd6 5. Nf3 Ne7 6. O-O Bf5 7. Bxf5 Nxf5 8.
Re1+ Ne7 9. Ng5 O-O 10. Qh5 h6 11. Nh3 Kh7 12. Nc3 c6 13. Bg5 f6 14. Bf4 Ng6
15. Bxd6 Qxd6 16. Re3 Nd7 17. Rae1 Nb6 18. Qf5 Qd7 19. Re6 Rae8 20. Nf4 Rxe6
21. Qxg6+ {Mefisto5000 resigns} 1-0

[Event "ICS rated blitz match"]
[Site "204.178.125.65"]
[Date "2001.09.07"]
[Round "?"]
[White "nyul"]
[Black "Hossa"]
[Result "0-1"]
[WhiteElo "2146"]
[BlackElo "2598"]
[PlyCount "48"]
[EventDate "2001.??.??"]

1. e4 e5 2. Nf3 Nc6 3. Bc4 Nf6 4. d3 Be7 5. O-O d5 6. exd5 Nxd5 7. Nc3 Nxc3 8.
bxc3 O-O 9. Re1 Bd6 10. Ng5 Bf5 11. Ne4 Qd7 12. Nxd6 cxd6 13. Rb1 Bg4 14. f3
Be6 15. Bb5 Bxa2 16. Ra1 Be6 17. d4 Qc7 18. Be3 Ne7 19. dxe5 dxe5 20. Rxa7 Rxa7
21. Bxa7 b6 22. Qa1 Ra8 23. Rd1 Qc5+ 24. Kh1 Qxb5 {nyul resigns} 0-1